000 01182nam a2200313 c 4500
003 BLK
005 20250218103303.0
008 180413b bul|||||r ||||||| ||bul||
010 _aKNG00026705000
040 _aBLK
041 _aBUL
_cBUL
080 _aАмериканска литература (на САЩ)
_b821.111(73)
_x-312.4
_z821.111(73)-312.4
100 1 _aЕлрой, Джеймс
_eпърви автор
_967068
700 1 _aДимитрова, Рени
_eпрев. от англ.
_9364069
139 _aЕлрой, Джеймс
_bЕ 55
245 1 0 _aПоверително от Ел Ей
_bРоман
_cДжеймс Елрой; прев. от англ. Рени Димитрова.
257 _aUSA
260 София
_bАтика
_c1999
_fСофия : Атика
300 _a416 с.
_c20 см
380 _aX
490 1 _aCrimi Mystery
500 _aОриг. загл. L. A. Confidential / James Elroy. - Офс. изд. - 2 700 тир.
852 _aЦб 195165
856 4 _qpdf
_u
856 4 _qpdf
_u
942 _cKNG
_n0
_011
944 _aCR
_c15.01.2003
_k30530
_lМинев Младен
944 _aED
_c12.07.2005
_k
999 _c24200
_d24200